000 00492nam a2200181 i 4500
001 33525
003 ES-MaACL
007 t|
008 030202s1979 sp ||||1| spa d
100 1 _aBioy Casares, Adolfo.
_928953
245 1 0 _aDormir al sol /
_cAdolfo Bioy Casares.
260 _a[Madrid] :
_bAlianza,
_c[1979]
300 _a162 p. ;
_c20 cm.
490 1 _aAlianza tres ;
_v52
830 0 0 _aAlianza tres
_v52
_9177344
852 _aES-MaACL
_jL-7035
_bR.107668
999 _c33525
_d33525